Países com 5 Letras em um Mapa - Statistics

Estatísticas Gerais
  • Esse quiz foi jogado 237 vezes
  • A pontuação média é 11 de 22
Respostas no mapa
Respostas codificadas por cores de uma escala verde-vermelha no mapa do quiz de acordo com a % correta abaixo.
 
Estatísticas das Respostas
Resposta % Correto
China
83%
Egito
81%
Índia
80%
Haiti
66%
Chile
63%
Iêmen
61%
Catar
59%
Japão
55%
Níger
52%
Síria
52%
Chade
51%
Guiné
51%
Butão
49%
Gabão
47%
Suíça
46%
Líbia
45%
Malta
43%
Sudão
41%
Palau
28%
Nauru
25%
Samoa
21%
Tonga
18%
Nenhum quiz correspondente encontrado
Distribuição das Pontuações
Porcentagem de Pessoas com Cada Pontuação
Percentil de Números Respondidos
Sua Pontuação Histórica
Você não jogou esse quiz